Teoría microeconómica: principios básicos y ampliaciones

محفوظ في:
التفاصيل البيبلوغرافية
المؤلف الرئيسي: Nicholson, Walter (autor)
التنسيق: كتاب
اللغة:الإسبانية
منشور في: Ciudad de México, México: Thomson, 2007.
الطبعة:Novena edición
الموضوعات:
الوصول للمادة أونلاين:Disponible Online
الوسوم: إضافة وسم
لا توجد وسوم, كن أول من يضع وسما على هذه التسجيلة!

MARC

LEADER 00000cam a2200000 a 4500
001 UCI8073
003 CL-VaPUC
005 20240911124753.0
008 080807e20070000MX |||||||||||||||||spa|d
999 |c 444724  |d 444722 
020 |a 9789706865489 
040 |c Pontificia Universidad Católica de Valparaíso 
082 0 4 |a 338.5 NIC 2007  |2 21 
100 |a Nicholson, Walter  |e autor  |9 417065 
245 1 0 |a Teoría microeconómica: principios básicos y ampliaciones 
250 |a Novena edición  
260 |a Ciudad de México, México:  |b Thomson,  |c 2007. 
300 |a 671 páginas.  
505 |a Parte 1: Introducción 1. Modelos económicos 2. Las matemáticas de la optimización. Parte 2: Elección y demanda 3. Preferencias y utilidad 4. Maximización de la utilidad y elección 5. Efecto ingreso y efecto sustitución 6. Relaciones de demanda entre bienes Parte 3: Producción y oferta 7. Funciones de producción 8. Funciones de costos 9. Maximización de las ganancias Parte 4: Mercados en competencia perfecta 10. Modelo de equilibrio parcial en competencia perfecta 11. Análisis aplicado de la competencia 12. Equilibrio general y bienestar Parte 5: Modelos de competencia imperfecta 13. Modelos de monopolio 14. Modelos tradicionales de competencia imperfecta 15. Modelo de teoría de juegos para determinar los precios Parte 6: Los precios en los mercados de factores 16. Mercado de trabajo 17. Mercado de capital Parte 7: Incertidumbre, información y externalidades 18. Incertidumbre y aversión al riesgo 19. Economía de la información 20. Externalidades y bienes públicos 21. Economía política Respuestas breves a las preguntas. Soluciones a los problemas impares. Glosario Índice 
583 |a last modification  |c 20130827 06:56:15  |k Cristina María Rojas Aguilar 
650 0 |a Microeconomía  |9 258126 
650 0 |a Oferta y demanda  |9 255571 
650 0 |a Competencia económica   |9 256096 
650 0 |a Economía de la información  |9 889692 
650 0 |a Mercado de trabajo   |9 879563 
852 |a BIBCUR 
856 |u http://bibliografiadigital.pucv.cl.pucv.idm.oclc.org/index.php/bibliotecapucv/catalog/book/141  |y Disponible Online  
942 |c BK  |2 ddc 
945 |d 20080807 00:00:00  |a rbrito 
952 |0 0  |1 0  |2 ddc  |4 0  |6 338_500000000000000_NIC_2007  |7 0  |8 CCM  |9 417302  |a BIBCUR  |b BIBCUR  |d 2019-11-22  |i 4475828  |l 1  |o 338.5 NIC 2007  |p 4475828  |r 2025-04-22  |s 2025-03-20  |w 2019-11-22  |y BK_R  |k CIM